000 00873cam a2200241 a 4500
001 000001737
005 20251020130153.0
008 980716s1998 mx a 001 0 spa
020 _a9701701976
040 _aDO-SdBNP
_cDLC
_dDLC
041 1 7 _aeng
_hspa
_2Código de idioma MARC
082 _a005.43
_bM143w
100 1 _aMcFedries, Paul.
_95649
245 1 4 _aWindows 98 ¡fácil! /
_cPaul McFedries ; traducción, Luis Óscar Madrigal Muñiz.
260 _aMéxico :
_bPrentice-Hall Hispanoamericana,
_c1998.
300 _a408 p. :
_bil. ;
_c23 cm.
500 _aIncluye índice.
500 _aTítulo original: The complete idiot's guide to windows 98
650 0 _aSistemas operativos (Computadoras)
_9101
650 4 _aMicrosoft windows (progrma para computador)
_95650
700 1 _aMadrigal Muñiz, Luis Óscar
_etr.
_95651
910 _aCatalogación por copia / LC
999 _c1615
_d1615